Banditi z Arizony a traja greenhorni a iné veselé príbehy z kníh Karla Maya (Record no. 22572)
[ view plain ]
| 000 -LEADER | |
|---|---|
| fixed length control field | 01146cam a2200361 a 4500 |
| 001 - CONTROL NUMBER | |
| control field | 22572 |
| 003 - CONTROL NUMBER IDENTIFIER | |
| control field | SK-KTurca |
| 005 - DATE AND TIME OF LATEST TRANSACTION | |
| control field | 20260401135421.0 |
| 008 - FIXED-LENGTH DATA ELEMENTS--GENERAL INFORMATION | |
| fixed length control field | 240620s1996 xo gr 0000j slo |
| 015 ## - NATIONAL BIBLIOGRAPHY NUMBER | |
| National bibliography number | SNBA1997/0501382 |
| 020 ## - INTERNATIONAL STANDARD BOOK NUMBER | |
| International Standard Book Number | 8088739233 |
| Qualifying information | (viaz.) |
| 035 ## - SYSTEM CONTROL NUMBER | |
| System control number | SNK000228490 |
| 035 ## - SYSTEM CONTROL NUMBER | |
| System control number | urn:nbn:sk:snk-amkg0t |
| 035 ## - SYSTEM CONTROL NUMBER | |
| System control number | urn:nbn:sk:snk-am003uoo |
| 035 ## - SYSTEM CONTROL NUMBER | |
| System control number | 4AFF6B16-5206-458D-8E42-50666F50B381 |
| 040 ## - CATALOGING SOURCE | |
| Original cataloging agency | SNK |
| Language of cataloging | slo |
| Transcribing agency | SNK |
| Description conventions | AACR2 |
| 041 1# - LANGUAGE CODE | |
| Language code of text/sound track or separate title | slo |
| 044 ## - COUNTRY OF PUBLISHING/PRODUCING ENTITY CODE | |
| MARC country code | xo |
| ISO country code | SK |
| 080 ## - UNIVERSAL DECIMAL CLASSIFICATION NUMBER | |
| Universal Decimal Classification number | 830-3(087.5) |
| Edition identifier | 1981 |
| 100 1# - MAIN ENTRY--PERSONAL NAME | |
| Personal name | May, Karl, |
| Dates associated with a name | 1842-1912 |
| Relationship | aut |
| 245 10 - TITLE STATEMENT | |
| Title | Banditi z Arizony a traja greenhorni a iné veselé príbehy z kníh Karla Maya |
| Statement of responsibility, etc. | preložil Teofil Ušák |
| 260 ## - PUBLICATION, DISTRIBUTION, ETC. | |
| Place of publication, distribution, etc. | Bratislava |
| Name of publisher, distributor, etc. | Alfa konti |
| Date of publication, distribution, etc. | 1996 |
| 300 ## - PHYSICAL DESCRIPTION | |
| Extent | 108 s. |
| Dimensions | 21 cm |
| 500 ## - GENERAL NOTE | |
| General note | Ilustr. na front. |
| 500 ## - GENERAL NOTE | |
| General note | Údaj o prekl. prevzatý z rubu tit. strany |
| 655 #7 - INDEX TERM--GENRE/FORM | |
| Genre/form data or focus term | nemecké príbehy |
| Source of term | SNKPH |
| 655 #7 - INDEX TERM--GENRE/FORM | |
| Genre/form data or focus term | dobrodružné príbehy |
| Source of term | SNKPH |
| 700 1# - ADDED ENTRY--PERSONAL NAME | |
| Personal name | Ušák, Teofil, |
| Dates associated with a name | 1922-1999 |
| Relationship | trl |
| 911 ## - EQUIVALENCE OR CROSS-REFERENCE-CONFERENCE OR MEETING NAME [LOCAL, CANADA] | |
| Meeting name or jurisdiction name as entry element | KN 1997/05 |
| Number [OBSOLETE] | 01382 |
| 942 ## - ADDED ENTRY ELEMENTS (KOHA) | |
| Source of classification or shelving scheme | Dewey Decimal Classification |
| Koha item type | Krásna literatúra pre deti |
| Suppress in OPAC | No |
| Stav vyradenia | Strata | Poškodenie | Spôsob nadobudnutia | Domovská knižnica | Aktuálna knižnica | Dátum nadobudnutia | Total checkouts | Čiarový kód exemplára | Date last seen | Typ exemplára |
|---|---|---|---|---|---|---|---|---|---|---|
| Dar | Obecná knižnica Turčianska Štiavnička | Obecná knižnica Turčianska Štiavnička | 01.04.2026 | 4738000900 | 01.04.2026 | Krásna literatúra pre deti |
